000 00298nam a22001337a 4500
008 181017b xxu||||| |||| 00| 0 eng d
020 _a9780132380614
041 _aeng
080 _28 ed
_a573
100 _a11
101 _aBIO
245 _aBiology Life ON Earth
_cByers.A
942 _2udc
_cBK
999 _c50032
_d50032